000 00442nam a2200157 i 4500
001 40813
003 ES-MaACL
005 20230906160320.0
007 t|
008 030307s1972 xxu ||||1| spa d
100 1 _aCarilla, Emilio.
_935246
245 1 3 _aLa literatura barroca en hispanoamérica /
_cEmilio Carilla.
260 _a[New York] :
_bAnaya,
_c[1972]
300 _a209 p., 8 lám. ;
_c18 cm.
852 _aES-MaACL
_jC-52661
_bR.83301
999 _c40813
_d40813